|
|
|
|
| LEADER |
00851cam a2200241 7i4500 |
| 001 |
0000034902 |
| 005 |
20191009090000.0 |
| 008 |
101222 eng |
| 020 |
|
|
|a 9788120339934 (pbk.)
|
| 040 |
|
|
|a OhCoOLI
|
| 090 |
0 |
0 |
|a TK7881
|b .P74 2009
|
| 100 |
1 |
|
|a Paul, Biswanath
|
| 245 |
1 |
0 |
|a Industrial electronics and control :
|b including programmable controller
|c Biswanath Paul.
|
| 250 |
|
|
|a 2nd ed.
|
| 260 |
|
|
|a New Delhi:
|b PHI Learning Pvt. Ltd.,
|c 2009.
|
| 300 |
|
|
|a xxiii, 608 p.:
|b ill.;
|c 24 cm.
|
| 500 |
|
|
|a Includes index
|
| 650 |
0 |
0 |
|a Electronic control
|
| 650 |
0 |
0 |
|a Industrial electronics
|
| 997 |
|
|
|a Engineering & Life Sciences, Faculty
|b Engineering, Department
|
| 998 |
|
|
|a Electrical Engineering, Degree
|
| 998 |
|
|
|a Electronics Engineering, Degree
|
| 999 |
|
|
|a 0000041807
|b BOK
|c OPEN SHELF
|e 2nd Floor, Bestari Jaya
|